[Event "Niedersachsen-chT U14"]
[Site "Stade"]
[Date "2007.05.19"]
[Round "6.2"]
[White "Voigt, Eric"]
[Black "Loewe, Lennard"]
[Result "1-0"]
[WhiteElo "1114"]
[BlackElo "1366"]
[PlyCount "103"]
[EventDate "2007.05.17"]
[EventType "team-tourn"]
[EventRounds "7"]
[EventCountry "GER"]
[SourceTitle "EXT 2008"]
[Source "ChessBase"]
[SourceDate "2007.11.25"]
[SourceVersion "1"]
[SourceVersionDate "2007.11.25"]
[SourceQuality "1"]

1. d4 d5 2. c4 c6 3. Nf3 Nf6 4. Bf4 a6 5. e3 b5 6. c5 Bg4 7. Nbd2 Ne4 8. Be2 Qa5 9. 0-0 Bxf3 10. Nxf3 Nd7 11. a4 Qd8 12. axb5 axb5 13. Rxa8 Qxa8 14. Qa1 Qc8 15. Qa7 g6 16. Ra1 Bg7 17. Qa8 0-0 18. Qxc8 Rxc8 19. Ra7 Nef6 20. Be5 Nxe5 21. Nxe5 Ne4 22. f3 Bxe5 23. fxe4 Bf6 24. exd5 cxd5 25. Bxb5 e6 26. b4 Bd8 27. Ba6 Rb8 28. b5 Kf8 29. c6 Bb6 30. Rd7 Rd8 31. c7 Bxc7 32. Rxc7 Rb8 33. Rc8+ Rxc8 34. Bxc8 Ke7 35. b6 Kd8 36. b7 Kc7 37. Kf2 g5 38. Kf3 h5 39. e4 Kb8 40. exd5 exd5 41. h4 f6 42. g4 hxg4+ 43. Kxg4 f5+ 44. Kxg5 f4 45. Kxf4 Kc7 46. h5 Kb8 47. h6 Ka7 48. h7 Kb8 49. h8Q Ka7 50. Qf6 Kb8 51. Qd6+ Ka7 52. b8Q# 1-0

[Event "Niedersachsen-chT U14"]
[Site "Stade"]
[Date "2007.05.18"]
[Round "4.2"]
[White "Voigt, Eric"]
[Black "Konow, Philipp"]
[Result "0-1"]
[WhiteElo "1114"]
[BlackElo "1743"]
[PlyCount "68"]
[EventDate "2007.05.17"]
[EventType "team-tourn"]
[EventRounds "7"]
[EventCountry "GER"]
[SourceTitle "EXT 2008"]
[Source "ChessBase"]
[SourceDate "2007.11.25"]
[SourceVersion "1"]
[SourceVersionDate "2007.11.25"]
[SourceQuality "1"]

1. c4 e6 2. d4 d5 3. Nf3 c6 4. e3 f5 5. Nbd2 Bd6 6. b3 Nf6 7. Bb2 Nbd7 8. Bd3 Ne4 9. 0-0 0-0 10. Qc2 Ndf6 11. Rfd1 Qe7 12. h3 b6 13. Ne5 Bb7 14. Ndf3 Kh8 15. Rac1 g5 16. g3 Rg8 17. h4 gxh4 18. Nxh4 Nh5 19. Nef3 Qg7 20. Bxe4 fxe4 21. Ne5 Raf8 22. Ng2 Nf6 23. Nf4 Bxe5 24. dxe5 Ng4 25. Nxe6 Qh6 26. Nf4 Qh2+ 27. Kf1 h6 28. e6+ Kh7 29. e7 Qh1+ 30. Ke2 Qf3+ 31. Kf1 Nxe3+ 32. Ke1 Nxc2+ 33. Rxc2 Rxf4 34. gxf4 Rg1+ 0-1

[Event "Niedersachsen-ch op"]
[Site "Verden"]
[Date "2007.01.07"]
[Round "7"]
[White "Weis, Hans Juergen"]
[Black "Voigt, Eric"]
[Result "0-1"]
[WhiteElo "1380"]
[BlackElo "1071"]
[PlyCount "50"]
[EventDate "2007.01.04"]
[EventType "swiss"]
[EventRounds "7"]
[EventCountry "GER"]
[SourceTitle "EXT 2021"]
[Source "ChessBase"]
[SourceDate "2020.10.23"]
[SourceVersion "1"]
[SourceVersionDate "2020.10.23"]
[SourceQuality "1"]

1. d4 d5 2. c4 c6 3. e3 Nf6 4. Nc3 e6 5. Nf3 Bb4 6. Bd2 Nbd7 7. c5 b6 8. Na4 bxc5 9. Bxb4 cxb4 10. Bd3 Qa5 11. b3 c5 12. Rc1 c4 13. bxc4 b3+ 14. Nc3 b2 15. Rc2 dxc4 16. Bxc4 Ne4 17. Bd3 Nxc3 18. Rxc3 Qxc3+ 19. Qd2 Qc1+ 20. Qd1 Ba6 21. 0-0 Qxd1 22. Rxd1 Bxd3 23. Nd2 Rb8 24. Nb1 Bxb1 25. Rxb1 Rc8 0-1

[Event "Niedersachsen-ch op"]
[Site "Verden"]
[Date "2007.01.04"]
[Round "1"]
[White "Hilgendorff, Finn"]
[Black "Voigt, Eric"]
[Result "1-0"]
[WhiteElo "1914"]
[BlackElo "1071"]
[PlyCount "61"]
[EventDate "2007.01.04"]
[EventType "swiss"]
[EventRounds "7"]
[EventCountry "GER"]
[SourceTitle "EXT 2021"]
[Source "ChessBase"]
[SourceDate "2020.10.23"]
[SourceVersion "1"]
[SourceVersionDate "2020.10.23"]
[SourceQuality "1"]

1. e4 c5 2. Nf3 Nc6 3. d4 cxd4 4. Nxd4 g6 5. Nc3 Bg7 6. Be3 e6 7. f3 Nge7 8. Bc4 d5 9. exd5 exd5 10. Bb3 0-0 11. Qd2 Be6 12. 0-0-0 Nf5 13. Nxf5 Bxf5 14. Bxd5 Nb4 15. Bb3 Qxd2+ 16. Bxd2 Rfd8 17. g4 Bd7 18. Ne4 Na6 19. Bg5 Bxg4 20. Rxd8+ Rxd8 21. Bxd8 Bxf3 22. Re1 Bxe4 23. Rxe4 Nc5 24. Re8+ Bf8 25. Be7 Nxb3+ 26. axb3 f5 27. Rxf8+ Kg7 28. h4 h5 29. Kd2 Kh6 30. Bf6 Kh7 31. Rh8# 1-0